Materiály a technológie na stavbu vozoviek

Bibliographic Details
Main Authors: Schlosser, František, 1949- (Author), Gschwendt, Ivan, 1934- (Author), Loveček, Zdeněk (Author), Šrámek, Juraj, 1984- (Author)
Format: Book
Language:Slovak
PhysicalDescription:208 s. fotogr., grafy, ilustr., sch., tab. 25 cm
Published: V Žiline Žilinská univerzita Edis 2014
ISBN:9788055409351
Edition:1. vyd.
Series:Vedecké monografie
Subjects:

MARC

LEADER 00000cam a2200000 a 4500
001 vtls010667521
003 SK-MaSNL
005 20260301215435.0
008 240315s2014 xo oda f p 000 0 slo
015 |a SNBA2015/05 
020 |a 9788055409351  |q (viaz.) 
035 |a 6C79A754-4453-49BC-BF51-67BFF643D6A2 
035 |a urn:nbn:sk:snk-amkqmc 
035 |a urn:nbn:sk:snk-am005bpr 
040 |a SNK  |b slo  |c SNK  |e AACR2 
041 0 |a slo 
044 |a xo  |c SK 
072 7 |a 625  |x Pozemné komunikácie. Železničné staviteľstvo  |2 konspekt 
080 |a 625.7/.8  |2 2001 
080 |a 625.8  |2 2001 
080 |a 691  |2 2001 
080 |a 69.05  |2 2001 
080 |a (048.8:082)  |2 2001 
100 1 |a Schlosser, František,  |d 1949-  |4 aut  |9 243537 
245 1 0 |a Materiály a technológie na stavbu vozoviek  |c František Schlosser a kol. 
250 |a 1. vyd. 
260 |a V Žiline  |b Žilinská univerzita  |b Edis  |c 2014 
300 |a 208 s.  |b fotogr., grafy, ilustr., sch., tab.  |c 25 cm 
366 |e 200 výt. 
490 1 |a Vedecké monografie 
500 |a Názov z obalu 
504 |a Bibliogr. odkazy 
650 0 7 |a cestné stavby  |2 SNKPH  |9 63766 
650 0 7 |a Road constructions  |2 SNKPHeng  |9 307009 
650 0 7 |a vozovky  |2 SNKPH  |9 3577 
650 0 7 |a Highways  |2 SNKPHeng  |9 322175 
650 0 7 |a stavebné materiály  |2 SNKPH  |9 31817 
650 0 7 |a Building materials  |2 SNKPHeng  |9 266953 
650 0 7 |a stavebné technológie  |2 SNKPH  |9 66818 
650 0 7 |a Building technology  |2 SNKPHeng  |9 266954 
655 7 |a kolektívne monografie  |2 SNKPH  |9 249850 
655 7 |a Collective monographs  |2 SNKPHeng  |9 125747 
700 1 |a Gschwendt, Ivan,  |d 1934-  |4 aut  |9 111966 
700 1 |a Loveček, Zdeněk  |4 aut  |9 6260 
700 1 |a Šrámek, Juraj,  |d 1984-  |4 aut  |9 261904 
752 |a Slovensko  |d Žilina 
810 2 |a Žilinská univerzita v Žiline  |t Vedecké monografie  |9 306802 
852 |a Štátna vedecká knižnica v Banskej Bystrici 
919 |a 978-80-554-0935-1 
958 |a NB 
999 |c 928186  |d 930116 
952 |a SNK  |b SNK  |y PREZ  |7 0  |p 17A1155738  |o snkSC 164301  |i snk2015/12728  |8 0  |0 0  |1 0  |4 0  |d 2015-04-15  |f 1  |l 0  |r 2025-08-28 00:00:00  |w 2026-02-24 
952 |a SNK  |b SNK  |y VYP  |7 0  |p 17A1155739  |o snkSC 164301 D1  |i snk2015/12729  |8 0  |0 0  |1 0  |4 0  |d 2015-04-15  |l 0  |r 2026-02-24 08:39:32  |w 2026-02-24